<?xml version="1.0" encoding="UTF-8"?><?xml-stylesheet type="text/xsl" href="static/style.xsl"?><OAI-PMH xmlns="http://www.openarchives.org/OAI/2.0/" xmlns:xsi="http://www.w3.org/2001/XMLSchema-instance" xsi:schemaLocation="http://www.openarchives.org/OAI/2.0/ http://www.openarchives.org/OAI/2.0/OAI-PMH.xsd"><responseDate>2026-04-14T04:22:32Z</responseDate><request verb="GetRecord" identifier="oai:www.recercat.cat:2072/302769" metadataPrefix="marc">https://recercat.cat/oai/request</request><GetRecord><record><header><identifier>oai:recercat.cat:2072/302769</identifier><datestamp>2025-03-11T16:33:08Z</datestamp><setSpec>com_2072_220028</setSpec><setSpec>com_2072_4427</setSpec><setSpec>col_2072_479371</setSpec></header><metadata><record xmlns="http://www.loc.gov/MARC21/slim" xmlns:dcterms="http://purl.org/dc/terms/" xmlns:xsi="http://www.w3.org/2001/XMLSchema-instance" xmlns:doc="http://www.lyncode.com/xoai" xsi:schemaLocation="http://www.loc.gov/MARC21/slim http://www.loc.gov/standards/marcxml/schema/MARC21slim.xsd">
   <leader>00925njm 22002777a 4500</leader>
   <datafield ind2=" " ind1=" " tag="042">
      <subfield code="a">dc</subfield>
   </datafield>
   <datafield ind2=" " ind1=" " tag="720">
      <subfield code="a">López Vilar, Jordi</subfield>
      <subfield code="e">author</subfield>
   </datafield>
   <datafield ind2=" " ind1=" " tag="260">
      <subfield code="c">2017</subfield>
   </datafield>
   <datafield ind2=" " ind1=" " tag="520">
      <subfield code="a">Es  presenten  els  resultats  de  la  intervenció  arqueològica  efectuada  al  C/  Enrajolat  16  de  Tarragona. És notable un gran tram del mur romà corresponent a la façana sud-occidental del Fòrum provincial edificat amb la tècnica de l’opus quadratum. La lectura dels diferents elements de la façana ha permès documentar-ne l’evolució des del segle I dC fins els nostres dies.</subfield>
   </datafield>
   <datafield ind2=" " ind1=" " tag="520">
      <subfield code="a">A presentation is made of the results of the arqueological excavations carried out at Carrer Enrajolat, 16 in Tarragona. Particularly noteworthy is a large section of the south-western façade of the provincial Forum, built using the  opus quadratum  technique. The study of the various elements of the façade has made it possible to trace its evolution  from the first century AD up until the present day.</subfield>
   </datafield>
   <datafield ind1="8" ind2=" " tag="024">
      <subfield code="a">López Vilar, J. (2017) "Nou tram de la façana sud-occidental del Fòrum Provincial de Tàrraco", Butlletí Arqueològic, 38-39, p. 45-58</subfield>
   </datafield>
   <datafield ind1="8" ind2=" " tag="024">
      <subfield code="a">http://hdl.handle.net/2072/302769</subfield>
   </datafield>
   <datafield ind2="0" ind1="0" tag="245">
      <subfield code="a">Nou tram de la façana sud-occidental del Fòrum Provincial de Tàrraco</subfield>
   </datafield>
</record></metadata></record></GetRecord></OAI-PMH>